[Event "2. Bundesliga Mitte 2011/12"]
[Site "Fuerstenfeld"]
[Date "2012.04.28"]
[Round "10"]
[Board "3"]
[White "Danner, Georg"]
[Black "Felsberger, Alfred"]
[Result "1/2-1/2"]
[WhiteElo "2408"]
[BlackElo "2361"]
[PlyCount "106"]
[EventDate "2011.10.21"]
[EventType "team"]
[EventRounds "11"]
[EventCountry "AUT"]
[WhiteTeam "Union Styria Graz Kleine Zeitung"]
[BlackTeam "Union Ansfelden"]

1. d4 Nf6 2. Nf3 e6 3. c4 b6 4. e3 Bb7 5. Bd3 d5 6. cxd5 exd5 7. O-O Bd6 8. Nc3
O-O 9. b3 Nbd7 10. Bb2 a6 11. Ne2 Qe7 12. Rc1 Ne4 13. Ng3 f5 14. Qc2 Rf7 15.
Rfd1 g6 16. Nf1 h5 17. Ne1 Re8 18. Qe2 b5 19. Rc2 Ndf6 20. f3 Qd7 21. Ra1 c6
22. a4 Bc7 23. Qd1 h4 24. axb5 axb5 25. f4 g5 26. fxg5 Nxg5 27. Nf3 Nxf3+ 28.
Qxf3 Ne4 29. Bc3 Re6 30. Be1 Rh6 31. Raa2 Qe6 32. Qd1 Bb6 33. Bxe4 dxe4 34. Ba5
Ba7 35. Bc7 Rxc7 36. Rxa7 Qxb3 37. Qc1 Rf7 38. Rc3 Qe6 39. Rc5 Rg6 40. Qe1 Qf6
41. Qf2 Qg5 42. g3 Qg4 43. Qf4 Qxf4 44. exf4 Bc8 45. Ra8 Rf8 46. Kf2 Rd6 47.
Ke3 Rfd8 48. d5 Rxd5 49. Rxd5 cxd5 50. Kd4 hxg3 51. hxg3 Kf8 52. Rb8 Ke8 53.
Ne3 Bd7 1/2-1/2

[Event "2. Bundesliga Mitte 2011/12"]
[Site "Fuerstenfeld"]
[Date "2012.04.28"]
[Round "10"]
[Board "4"]
[White "Moser, Guenter"]
[Black "Wittmann, Walter"]
[Result "1-0"]
[WhiteElo "2343"]
[BlackElo "2300"]
[PlyCount "79"]
[EventDate "2011.10.21"]
[EventType "team"]
[EventRounds "11"]
[EventCountry "AUT"]
[WhiteTeam "Union Ansfelden"]
[BlackTeam "Union Styria Graz Kleine Zeitung"]

1. d4 Nf6 2. c4 e6 3. Nf3 d5 4. Nc3 dxc4 5. Qa4+ c6 6. Qxc4 b5 7. Qb3 Bb7 8.
Bg5 Be7 9. e3 Nbd7 10. Be2 O-O 11. O-O a6 12. Rfd1 Qa5 13. Ne5 Rfe8 14. Nxd7
Nxd7 15. Bxe7 Rxe7 16. Ne4 Rd8 17. Rac1 h6 18. f4 Ba8 19. a3 Rb8 20. Nc5 Nxc5
21. Rxc5 Rd7 22. Bf3 Rd6 23. Qd3 Qd8 24. Rdc1 Qb6 25. Qd2 b4 26. a4 a5 27. b3
Bb7 28. Qf2 Rbd8 29. Qh4 Qa6 30. R1c4 Qb6 31. g4 Qa7 32. Qh5 Ra8 33. Qe5 Rd7
34. Bxc6 Bxc6 35. Rxc6 Rad8 36. Kf2 Qa8 37. Qb5 Kh7 38. R4c5 Rd5 39. Ra6 Rxc5
40. Qd3+ 1-0

[Event "2. Bundesliga Mitte 2011/12"]
[Site "Fuerstenfeld"]
[Date "2012.04.28"]
[Round "10"]
[Board "5"]
[White "Manhardt, Thomas"]
[Black "Ennsberger, Ulrich"]
[Result "0-1"]
[WhiteElo "2148"]
[BlackElo "2373"]
[PlyCount "120"]
[EventDate "2011.10.21"]
[EventType "team"]
[EventRounds "11"]
[EventCountry "AUT"]
[WhiteTeam "Union Styria Graz Kleine Zeitung"]
[BlackTeam "Union Ansfelden"]

1. e4 d5 2. exd5 Qxd5 3. Nc3 Qa5 4. d4 Nf6 5. Bc4 Bg4 6. f3 Bf5 7. Nge2 h5 8.
Bd2 c6 9. Nd5 Qd8 10. Nxf6+ gxf6 11. c3 e6 12. Ng3 Bg6 13. Qe2 Nd7 14. f4 f5
15. h4 Bd6 16. O-O-O Qe7 17. Rde1 O-O-O 18. d5 cxd5 19. Bxd5 Nf6 20. Bf3 Qc7
21. Qf2 Bc5 22. Be3 Bd6 23. Kb1 Ng4 24. Bxg4 fxg4+ 25. Ka1 b6 26. Rd1 Rd7 27.
Rd2 Rhd8 28. Rhd1 Bc5 29. Bxc5 Rxd2 30. Rxd2 Rxd2 31. Qxd2 Qxc5 32. Qd4 Qe7 33.
Qc4+ Kb8 34. Qd4 Qxh4 35. Qd6+ Kc8 36. Qc6+ Kd8 37. Qd6+ Ke8 38. f5 Bxf5 39.
Qc6+ Kf8 40. Qd6+ Kg7 41. Qe5+ Kg6 42. a4 Qh2 43. Qb8 Kh7 44. Qxa7 Bg6 45. Ne4
Qe5 46. Nd2 Qe1+ 47. Ka2 Qxd2 48. Qxb6 e5 49. a5 e4 50. a6 e3 51. a7 e2 52.
a8=Q e1=Q 53. Qa3 Qa1+ 54. Kb3 Qc2+ 55. Kc4 Qf1+ 56. Kb4 Qfxg2 57. b3 Qgd2 58.
Qc7 Qe4+ 59. Kb5 Qdd5+ 60. Qcc5 Qe8+ 0-1

[Event "2. Bundesliga Mitte 2011/12"]
[Site "Fuerstenfeld"]
[Date "2012.04.28"]
[Round "10"]
[Board "6"]
[White "Knoll, Hermann"]
[Black "Schriebl, Alexander"]
[Result "1-0"]
[WhiteElo "2364"]
[BlackElo "2080"]
[PlyCount "151"]
[EventDate "2011.10.21"]
[EventType "team"]
[EventRounds "11"]
[EventCountry "AUT"]
[WhiteTeam "Union Ansfelden"]
[BlackTeam "Union Styria Graz Kleine Zeitung"]

1. d4 d5 2. Nf3 Nc6 3. c4 Nf6 4. Nc3 dxc4 5. e4 Bg4 6. Be3 Bxf3 7. gxf3 Na5 8.
d5 c6 9. dxc6 Qxd1+ 10. Rxd1 bxc6 11. e5 Nd7 12. f4 e6 13. Ne4 Nb6 14. Bd2 Nb7
15. Rc1 Rd8 16. Rg1 Rd4 17. f3 Rg8 18. Nf6+ gxf6 19. Rxg8 f5 20. Be3 Rd7 21.
Bxc4 Nc8 22. Ke2 Ne7 23. Rgg1 Ng6 24. Ba6 Nd8 25. Rgd1 Rc7 26. Rc4 Ne7 27. Rb4
Nd5 28. Rb8 Bh6 29. Bc4 Kd7 30. Bxd5 exd5 31. Rg1 Ne6 32. Rgg8 c5 33. Bd2 Bxf4
34. Bxf4 Nxf4+ 35. Ke3 Ne6 36. Rh8 d4+ 37. Kd2 c4 38. Rxh7 Kc6 39. Rh5 f4 40.
Rf5 Kd5 41. Rb5+ Kc6 42. Ra5 Rb7 43. Kc1 d3 44. h4 Kb6 45. Rd5 Kc6 46. Rd6+ Kc5
47. h5 Nd4 48. Rxd4 Kxd4 49. Rxf4+ Ke3 50. Rxc4 Kxf3 51. h6 d2+ 52. Kxd2 Rxb2+
53. Kd3 Rh2 54. Rc7 Kf4 55. Rxf7+ Kxe5 56. Rxa7 Rxh6 57. Ra5+ Kf4 58. Kd4 Rc6
59. Ra8 Rc7 60. a4 Kf5 61. Kd5 Kf6 62. Kd6 Rc1 63. Ra7 Rc2 64. a5 Rd2+ 65. Kc7
Ke7 66. Rb7 Ra2 67. Rb5 Rc2+ 68. Kb7 Kd6 69. a6 Rc7+ 70. Kb8 Rh7 71. a7 Rh8+
72. Kb7 Rh7+ 73. Ka6 Rh8 74. Rb8 Rh1 75. a8=Q Ra1+ 76. Kb5 1-0

[Event "2. Bundesliga Mitte 2011/12"]
[Site "Fuerstenfeld"]
[Date "2012.04.29"]
[Round "11"]
[Board "1"]
[White "Gergacz, Attila"]
[Black "Steflitsch, Erich"]
[Result "1/2-1/2"]
[WhiteElo "2426"]
[BlackElo "2369"]
[PlyCount "75"]
[EventDate "2011.10.21"]
[EventType "team"]
[EventRounds "11"]
[EventCountry "AUT"]
[WhiteTeam "SV Steyregg"]
[BlackTeam "ZH-Technologies-Wolfsberg"]

1. e4 e6 2. d4 d5 3. Nd2 Nf6 4. e5 Nfd7 5. Bd3 c5 6. c3 Nc6 7. Ne2 cxd4 8. cxd4
f6 9. exf6 Nxf6 10. Nf3 Bd6 11. O-O O-O 12. Bf4 Bxf4 13. Nxf4 Ne4 14. g3 Qf6
15. h4 g5 16. Bxe4 gxf4 17. Bc2 Qg7 18. Kh2 fxg3+ 19. fxg3 Bd7 20. Ba4 Nxd4 21.
Qxd4 Bxa4 22. Ne5 Rac8 23. Kh3 Bc2 24. b3 Bf5+ 25. g4 Rc2 26. Rac1 Re2 27. Rfe1
Rxa2 28. Rc7 Qxc7 29. gxf5 Rxf5 30. Rg1+ Kf8 31. Qb4+ Qe7 32. Nd7+ Ke8 33. Rg8+
Kxd7 34. Qxb7+ Kd6 35. Qb4+ Kd7 36. Qb7+ Kd6 37. Qb4+ Kd7 38. Qb7+ 1/2-1/2

[Event "2. Bundesliga Mitte 2011/12"]
[Site "Fuerstenfeld"]
[Date "2012.04.29"]
[Round "11"]
[Board "4"]
[White "Wegerer, Fred"]
[Black "Wiesinger, Robert"]
[Result "1/2-1/2"]
[WhiteElo "2159"]
[BlackElo "2277"]
[PlyCount "79"]
[EventDate "2011.10.21"]
[EventType "team"]
[EventRounds "11"]
[EventCountry "AUT"]
[WhiteTeam "ZH-Technologies-Wolfsberg"]
[BlackTeam "SV Steyregg"]

1. g3 e5 2. Bg2 Nc6 3. c3 d5 4. d4 e4 5. f3 Nf6 6. Nh3 exf3 7. exf3 Be7 8. O-O
O-O 9. Nd2 a5 10. Re1 Re8 11. Nf1 Bd7 12. Bf4 a4 13. b4 axb3 14. axb3 Rxa1 15.
Qxa1 h6 16. Nf2 Nh5 17. Be3 Bd6 18. Nd3 Nf6 19. Nc5 b6 20. Nb7 Qe7 21. b4 Be6
22. Nxd6 Qxd6 23. Bf4 Qd8 24. g4 Bd7 25. Ne3 Be6 26. Bf1 Qb8 27. Bb5 Qb7 28.
Qa6 Qxa6 29. Bxa6 Nb8 30. Bd3 Rc8 31. Ra1 Nbd7 32. Ba6 Ra8 33. Bxc7 Ne8 34. Bg3
Nb8 35. b5 Nf6 36. h3 Bd7 37. c4 dxc4 38. Bxb8 Bxb5 39. Bc7 Rxa6 40. Rb1
1/2-1/2

[Event "2. Bundesliga Mitte 2011/12"]
[Site "Fuerstenfeld"]
[Date "2012.04.29"]
[Round "11"]
[Board "5"]
[White "Enoeckl, Philipp"]
[Black "Toefferl, Heimo"]
[Result "1/2-1/2"]
[WhiteElo "2292"]
[BlackElo "2102"]
[PlyCount "60"]
[EventDate "2011.10.21"]
[EventType "team"]
[EventRounds "11"]
[EventCountry "AUT"]
[WhiteTeam "SV Steyregg"]
[BlackTeam "ZH-Technologies-Wolfsberg"]

1. d4 e6 2. c4 d5 3. Nf3 c6 4. e3 Bd6 5. Bd3 f5 6. O-O Ne7 7. b3 O-O 8. Ba3 Bc7
9. Qc2 a5 10. Ne5 Nd7 11. f4 Nf6 12. Nd2 Bd7 13. Ndf3 Rc8 14. h3 Ne4 15. Rad1
Be8 16. g4 Rf6 17. Kg2 b5 18. Bxe7 Qxe7 19. Rc1 Nd6 20. Qf2 Bd8 21. Rc2 Qb7 22.
Rfc1 b4 23. Qe2 Ra8 24. cxd5 cxd5 25. Nc6 Bxc6 26. Rxc6 Nc4 27. Rc5 Nd6 28. Ne5
Rf8 29. Bb5 Qe7 30. g5 Ne4 1/2-1/2

[Event "2. Bundesliga Mitte 2011/12"]
[Site "Fuerstenfeld"]
[Date "2012.04.29"]
[Round "11"]
[Board "1"]
[White "Flumbort, Andras"]
[Black "Hartl, Daniel"]
[Result "1/2-1/2"]
[WhiteElo "2539"]
[BlackElo "2272"]
[PlyCount "115"]
[EventDate "2011.10.21"]
[EventType "team"]
[EventRounds "11"]
[EventCountry "AUT"]
[WhiteTeam "ASK St. Valentin"]
[BlackTeam "SK MPOE Maria Saal"]

1. d4 d5 2. c4 c6 3. Nc3 dxc4 4. e3 b5 5. a4 b4 6. Ne4 Qd5 7. Ng3 Nf6 8. Be2 e6
9. e4 Qa5 10. Bxc4 Ba6 11. Bxa6 Qxa6 12. Nf3 Nbd7 13. Bg5 c5 14. Qe2 Qxe2+ 15.
Kxe2 cxd4 16. Nxd4 Bc5 17. Rhd1 Rc8 18. Nb3 O-O 19. Rac1 Bb6 20. a5 Bc7 21. Be3
Be5 22. Bxa7 Bxb2 23. Rxc8 Rxc8 24. Bd4 Bxd4 25. Rxd4 Rb8 26. Nf1 Kf8 27. Ne3
Rb5 28. Rc4 Nb8 29. Rc8+ Ke7 30. Rc7+ Nfd7 31. Nc4 Kd8 32. Ra7 Nc6 33. Ra8+ Kc7
34. Kd3 g6 35. Rh8 h5 36. Rh7 Nde5+ 37. Nxe5 Nxe5+ 38. Kd4 Kd6 39. f4 Nc6+ 40.
Kc4 Rb7 41. e5+ Ke7 42. Rh8 g5 43. fxg5 Nxe5+ 44. Kc5 Rc7+ 45. Kxb4 Rc2 46. a6
Nc6+ 47. Kb5 Kd6 48. Rxh5 Rxg2 49. Rh3 Kc7 50. Rg3 Na7+ 51. Kc5 Rxh2 52. Nd4
Ra2 53. Rf3 Ra5+ 54. Kb4 Rxg5 55. Rxf7+ Kb6 56. Nxe6 Rg4+ 57. Rf4 Rxf4+ 58.
Nxf4 1/2-1/2

[Event "2. Bundesliga Mitte 2011/12"]
[Site "Fuerstenfeld"]
[Date "2012.04.29"]
[Round "11"]
[Board "2"]
[White "Rieger, Robert"]
[Black "Gonda, Laszlo"]
[Result "1/2-1/2"]
[WhiteElo "2167"]
[BlackElo "2520"]
[PlyCount "73"]
[EventDate "2011.10.21"]
[EventType "team"]
[EventRounds "11"]
[EventCountry "AUT"]
[WhiteTeam "SK MPOE Maria Saal"]
[BlackTeam "ASK St. Valentin"]

1. e4 e5 2. Nf3 Nc6 3. d4 exd4 4. Nxd4 Bc5 5. Be3 Qf6 6. c3 Nge7 7. Bc4 Ne5 8.
Be2 Qg6 9. O-O d6 10. f4 Qxe4 11. Bf2 N5g6 12. Nd2 Qxf4 13. Nb5 O-O 14. Bxc5
Qg5 15. Bf2 Nf4 16. Bg3 Nxe2+ 17. Qxe2 Bg4 18. Nf3 Qc5+ 19. Bf2 Bxf3 20. gxf3
Qg5+ 21. Kh1 Ng6 22. Rae1 Qd8 23. Nd4 Qd7 24. Qb5 c6 25. Qf5 Qc7 26. Bg3 Rad8
27. Qg5 Qb6 28. h4 Qxb2 29. h5 Qxc3 30. hxg6 hxg6 31. Qe3 Qc4 32. Rf2 c5 33.
Nb3 b6 34. Rh2 Qb5 35. Kg2 Rfe8 36. Reh1 f6 37. Qf4 1/2-1/2

[Event "2. Bundesliga Mitte 2011/12"]
[Site "Fuerstenfeld"]
[Date "2012.04.29"]
[Round "11"]
[Board "4"]
[White "Horvath, Gabor"]
[Black "Kranzl, Peter"]
[Result "1-0"]
[WhiteElo "2269"]
[BlackElo "2253"]
[PlyCount "57"]
[EventDate "2011.10.21"]
[EventType "team"]
[EventRounds "11"]
[EventCountry "AUT"]
[WhiteTeam "SK MPOE Maria Saal"]
[BlackTeam "ASK St. Valentin"]

1. e4 c6 2. d3 d5 3. Nd2 g6 4. Ngf3 Bg7 5. g3 e5 6. Bg2 Ne7 7. O-O O-O 8. Re1
Nd7 9. b4 a5 10. bxa5 Rxa5 11. Bb2 d4 12. c3 c5 13. cxd4 cxd4 14. Nc4 Ra6 15.
a4 Qc7 16. Ba3 Re8 17. Qb3 h6 18. Rec1 Qb8 19. Rab1 Bf8 20. Qb5 Re6 21. Bh3 f5
22. Bxe7 R6xe7 23. exf5 Nf6 24. Qb6 Bg7 25. Nd6 Bxf5 26. Bxf5 gxf5 27. Nxe8
Qxe8 28. Rc7 Rxc7 29. Qxc7 1-0

[Event "2. Bundesliga Mitte 2011/12"]
[Site "Fuerstenfeld"]
[Date "2012.04.29"]
[Round "11"]
[Board "5"]
[White "Tober, Gerhard"]
[Black "Reschun, Sascha"]
[Result "1/2-1/2"]
[WhiteElo "2272"]
[BlackElo "2244"]
[PlyCount "57"]
[EventDate "2011.10.21"]
[EventType "team"]
[EventRounds "11"]
[EventCountry "AUT"]
[WhiteTeam "ASK St. Valentin"]
[BlackTeam "SK MPOE Maria Saal"]

1. e4 e6 2. d4 d5 3. exd5 exd5 4. Bd3 Bd6 5. Qf3 h6 6. Ne2 Nf6 7. Bf4 O-O 8. h3
Re8 9. Nd2 c5 10. dxc5 Bxc5 11. O-O Nc6 12. c3 Ne5 13. Bxe5 Rxe5 14. Nb3 Bb6
15. Ng3 Qe7 16. Nd4 g6 17. Qf4 Kg7 18. Nf3 Re6 19. Nd4 Re5 20. Nf3 Re6 21. Rae1
Bc7 22. Qh4 Bd7 23. Rxe6 fxe6 24. Re1 e5 25. Nd4 Qc5 26. Nb3 Qe7 27. Nd4 Qc5
28. Nb3 Qe7 29. Nd4 1/2-1/2

[Event "2. Bundesliga Mitte 2011/12"]
[Site "Fuerstenfeld"]
[Date "2012.04.29"]
[Round "11"]
[Board "6"]
[White "Ramusch, Arnulf"]
[Black "Heimberger, Reinhard"]
[Result "0-1"]
[WhiteElo "1999"]
[BlackElo "2313"]
[PlyCount "78"]
[EventDate "2011.10.21"]
[EventType "team"]
[EventRounds "11"]
[EventCountry "AUT"]
[WhiteTeam "SK MPOE Maria Saal"]
[BlackTeam "ASK St. Valentin"]

1. Nf3 c5 2. c4 Nc6 3. Nc3 g6 4. e3 Bg7 5. b3 e5 6. e4 Nge7 7. Be2 O-O 8. O-O
d6 9. d3 h6 10. h3 f5 11. Nd5 Be6 12. Bb2 Qd7 13. Nd2 g5 14. Nxe7+ Nxe7 15.
exf5 Bxf5 16. Bg4 Rad8 17. Ne4 b6 18. Bxf5 Qxf5 19. Ng3 Qg6 20. Qe2 Qf7 21.
Rad1 Ng6 22. Nh5 Bh8 23. Qg4 Kh7 24. Qe4 Qf5 25. Ng3 Qd7 26. Nh5 Rf7 27. Bc1 d5
28. cxd5 Qxd5 29. Rd2 Rfd7 30. Rfd1 Qf7 31. Bb2 Kg8 32. Re1 Rd6 33. Re3 Nf4 34.
Ng3 Qd5 35. Bxe5 Bxe5 36. Nf5 Qxe4 37. Rxe4 Rxd3 38. Rxd3 Nxd3 39. Ne3 Kh7 0-1

[Event "2. Bundesliga Mitte 2011/12"]
[Site "Fuerstenfeld"]
[Date "2012.04.29"]
[Round "11"]
[Board "1"]
[White "Poetz, Florian"]
[Black "Ceschia, Ivano"]
[Result "1-0"]
[WhiteElo "2412"]
[BlackElo "2316"]
[PlyCount "52"]
[EventDate "2011.10.21"]
[EventType "team"]
[EventRounds "11"]
[EventCountry "AUT"]
[WhiteTeam "SK Sparkasse Fuerstenfeld"]
[BlackTeam "SV ASVOE Fundermax St. Veit/Glan"]

1. e4 c5 2. Nf3 Nc6 3. d4 cxd4 4. Nxd4 Qb6 5. Nb3 Nf6 6. Nc3 e6 7. Qe2 d6 8. g4
a6 9. Bd2 Qc7 10. O-O-O b5 11. g5 Nd7 12. f4 b4 13. Na4 Nc5 14. Naxc5 dxc5 15.
Qf2 e5 16. Bc4 Be6 17. Bxe6 fxe6 18. Qf1 Be7 19. Qc4 exf4 20. Qxe6 Rd8 21. g6
hxg6 22. Qxg6+ Kf8 23. Qf5+ Kg8 24. Bxf4 Qb7 25. Rxd8+ Nxd8 26. Rd1 Nf7 1-0

[Event "2. Bundesliga Mitte 2011/12"]
[Site "Fuerstenfeld"]
[Date "2012.04.29"]
[Round "11"]
[Board "2"]
[White "Dietmayer-Kraeutler, Marco"]
[Black "Feher, Adam"]
[Result "1/2-1/2"]
[WhiteElo "2222"]
[BlackElo "2342"]
[PlyCount "61"]
[EventDate "2011.10.21"]
[EventType "team"]
[EventRounds "11"]
[EventCountry "AUT"]
[WhiteTeam "SV ASVOE Fundermax St. Veit/Glan"]
[BlackTeam "SK Sparkasse Fuerstenfeld"]

1. d4 d5 2. c4 e6 3. Nc3 c6 4. Nf3 Nf6 5. cxd5 exd5 6. Bg5 h6 7. Bh4 Bf5 8. a3
Nbd7 9. e3 Bd6 10. Bd3 Bxd3 11. Qxd3 O-O 12. O-O Re8 13. b4 a6 14. Na4 b5 15.
Nc5 Nb6 16. Qf5 Bxc5 17. dxc5 Nbd7 18. Bxf6 Nxf6 19. Nd4 Qc7 20. a4 Ne4 21. Qf4
Qxf4 22. exf4 bxa4 23. Nxc6 Nc3 24. g3 Rac8 25. Ne5 a5 26. bxa5 Rxc5 27. Kg2
Rxa5 28. Rfc1 Ne4 29. Rc7 f6 30. Nc6 Raa8 31. Ne7+ 1/2-1/2

[Event "2. Bundesliga Mitte 2011/12"]
[Site "Fuerstenfeld"]
[Date "2012.04.29"]
[Round "11"]
[Board "4"]
[White "Kuess, Mario"]
[Black "Rabel, Christoph"]
[Result "1-0"]
[WhiteElo "2106"]
[BlackElo "2245"]
[PlyCount "57"]
[EventDate "2011.10.21"]
[EventType "team"]
[EventRounds "11"]
[EventCountry "AUT"]
[WhiteTeam "SV ASVOE Fundermax St. Veit/Glan"]
[BlackTeam "SK Sparkasse Fuerstenfeld"]

1. f4 d6 2. Nf3 g6 3. e4 Bg7 4. d3 c5 5. c3 Nc6 6. Be2 e6 7. O-O Nge7 8. a4 O-O
9. Na3 b6 10. Qe1 d5 11. e5 d4 12. c4 f6 13. exf6 Bxf6 14. g4 Bd7 15. Nc2 Qc7
16. b3 Rae8 17. Qg3 Nc8 18. Bd2 Be7 19. Nce1 Bd6 20. Ng5 Re7 21. Ng2 e5 22.
fxe5 Rxf1+ 23. Rxf1 Bxe5 24. Qf3 Qd8 25. Qd5+ Kg7 26. Rf7+ Kh8 27. Rxe7 Qxe7
28. Nf7+ Kg7 29. Bh6+ 1-0

[Event "2. Bundesliga Mitte 2011/12"]
[Site "Fuerstenfeld"]
[Date "2012.04.29"]
[Round "11"]
[Board "6"]
[White "Knapp, Friedrich"]
[Black "Hatzl, Johannes"]
[Result "1/2-1/2"]
[WhiteElo "2035"]
[BlackElo "2103"]
[PlyCount "41"]
[EventDate "2011.10.21"]
[EventType "team"]
[EventRounds "11"]
[EventCountry "AUT"]
[WhiteTeam "SV ASVOE Fundermax St. Veit/Glan"]
[BlackTeam "SK Sparkasse Fuerstenfeld"]

1. Nf3 c6 2. d4 d5 3. c3 Nf6 4. Qc2 g6 5. Bf4 Bg7 6. e3 Bf5 7. Bd3 Bxd3 8. Qxd3
Nbd7 9. Nbd2 O-O 10. O-O e6 11. h3 h6 12. Ne5 Nxe5 13. Bxe5 Qe7 14. Nf3 Nd7 15.
Bxg7 Kxg7 16. Ne5 Rad8 17. Nxd7 Qxd7 18. Rac1 Rc8 19. Ra1 Rcd8 20. Rac1 Rc8 21.
Ra1 1/2-1/2

[Event "2. Bundesliga Mitte 2011/12"]
[Site "Fuerstenfeld"]
[Date "2012.04.29"]
[Round "11"]
[Board "1"]
[White "Freitag, Manfred"]
[Black "Pilaj, Herwig"]
[Result "1/2-1/2"]
[WhiteElo "2380"]
[BlackElo "2362"]
[PlyCount "91"]
[EventDate "2011.10.21"]
[EventType "team"]
[EventRounds "11"]
[EventCountry "AUT"]
[WhiteTeam "ESV Austria Graz"]
[BlackTeam "SC Die Klagenfurter"]

1. d4 d5 2. c4 c6 3. Nf3 Nf6 4. Nc3 dxc4 5. a4 Bf5 6. Ne5 Nbd7 7. Nxc4 Nb6 8.
Ne5 a5 9. f3 Nfd7 10. e4 Nxe5 11. exf5 Ned7 12. d5 g6 13. dxc6 bxc6 14. Qd4 Rg8
15. fxg6 Rxg6 16. Qf2 e6 17. Be3 Nd5 18. Nxd5 exd5 19. O-O-O Bh6 20. Bd3 Bxe3+
21. Qxe3+ Re6 22. Qd4 Qf6 23. Qxf6 Nxf6 24. g4 h6 25. h4 Ke7 26. Bf5 Re5 27.
Rhe1 Kd6 28. f4 Rxe1 29. Rxe1 Rb8 30. g5 Nh5 31. gxh6 Rh8 32. h7 Ng7 33. Bc2 f5
34. Rg1 Rxh7 35. Rg6+ Kc5 36. Bd1 Nh5 37. Bxh5 Rxh5 38. Rg5 Rxh4 39. Rxf5 Kc4
40. Rf6 c5 41. Ra6 Rh1+ 42. Kd2 Rh2+ 43. Kc1 Rh1+ 44. Kd2 Rh2+ 45. Kc1 Rh1+ 46.
Kd2 1/2-1/2

[Event "2. Bundesliga Mitte 2011/12"]
[Site "Fuerstenfeld"]
[Date "2012.04.29"]
[Round "11"]
[Board "2"]
[White "Wertjanz, David"]
[Black "Karner, Christoph"]
[Result "1/2-1/2"]
[WhiteElo "2257"]
[BlackElo "2381"]
[PlyCount "62"]
[EventDate "2011.10.21"]
[EventType "team"]
[EventRounds "11"]
[EventCountry "AUT"]
[WhiteTeam "SC Die Klagenfurter"]
[BlackTeam "ESV Austria Graz"]

1. e4 c5 2. Nf3 d6 3. d4 cxd4 4. Nxd4 Nf6 5. Nc3 a6 6. Bc4 e6 7. Bb3 Nbd7 8.
Bg5 Qa5 9. Qd2 Be7 10. O-O-O Nc5 11. Rhe1 Qc7 12. f4 h6 13. Bxf6 Bxf6 14. Kb1
Bd7 15. Nde2 Bc6 16. Qxd6 Qxd6 17. Rxd6 Nxe4 18. Nxe4 Bxe4 19. Ng3 Bxg2 20. f5
e5 21. Ne4 Ke7 22. Rb6 Rab8 23. Bd5 Bh4 24. Ng3 Bxg3 25. hxg3 Bxd5 26. Rxe5+
Kd7 27. Rxd5+ Kc7 28. Rb4 Rbd8 29. Rc5+ Kd6 30. Rc3 Ke5 31. a4 Rd7 1/2-1/2

[Event "2. Bundesliga Mitte 2011/12"]
[Site "Fuerstenfeld"]
[Date "2012.04.29"]
[Round "11"]
[Board "3"]
[White "Kotz, Heinz Peter"]
[Black "Genser, Harald"]
[Result "1/2-1/2"]
[WhiteElo "2349"]
[BlackElo "2291"]
[PlyCount "43"]
[EventDate "2011.10.21"]
[EventType "team"]
[EventRounds "11"]
[EventCountry "AUT"]
[WhiteTeam "ESV Austria Graz"]
[BlackTeam "SC Die Klagenfurter"]

1. e4 c6 2. d4 d5 3. f3 Qb6 4. Nc3 dxe4 5. fxe4 e5 6. Nf3 exd4 7. Qxd4 Qxd4 8.
Nxd4 Nd7 9. Bf4 Nc5 10. Bc4 Ne6 11. Nxe6 Bxe6 12. Bxe6 fxe6 13. O-O-O Nf6 14.
a3 Be7 15. Kb1 Rf8 16. Rhf1 Nh5 17. Be5 Rxf1 18. Rxf1 Bf6 19. Bd6 Be7 20. Be5
Bf6 21. Bd6 Be7 22. Be5 1/2-1/2

[Event "2. Bundesliga Mitte 2011/12"]
[Site "Fuerstenfeld"]
[Date "2012.04.29"]
[Round "11"]
[Board "4"]
[White "Petschar, Kurt"]
[Black "Aschenbrenner, Robert"]
[Result "1/2-1/2"]
[WhiteElo "2312"]
[BlackElo "2270"]
[PlyCount "161"]
[EventDate "2011.10.21"]
[EventType "team"]
[EventRounds "11"]
[EventCountry "AUT"]
[WhiteTeam "SC Die Klagenfurter"]
[BlackTeam "ESV Austria Graz"]

1. d4 Nf6 2. c4 e6 3. Nc3 Bb4 4. e3 O-O 5. Bd3 Nc6 6. Nge2 e5 7. d5 Ne7 8. a3
Bxc3+ 9. Nxc3 d6 10. O-O a5 11. Rb1 Ne8 12. e4 Ng6 13. Be3 Qf6 14. Ne2 Nf4 15.
Nxf4 exf4 16. Bd2 g5 17. Bc3 Qh6 18. e5 dxe5 19. Bxe5 f6 20. Bc3 b6 21. Re1 Bd7
22. Re7 Rf7 23. Rxf7 Kxf7 24. Qc2 Nd6 25. Re1 f3 26. gxf3 Qh3 27. Bf1 Qh4 28.
b3 Rg8 29. Qe2 Nf5 30. Qe4 g4 31. f4 Rg6 32. Bd3 Qh3 33. Re3 Nxe3 34. Qxe3 Rh6
35. Qg3 Rh5 36. Bf1 Qh4 37. Bd3 Qxg3+ 38. fxg3 Bf5 39. Be2 Rh6 40. c5 Be4 41.
d6 cxd6 42. cxb6 Rg6 43. Kf2 Rg8 44. Bc4+ d5 45. Ba6 Rb8 46. Bd4 Ke6 47. b7 Kd7
48. Ba7 Bd3 49. Bxd3 Rxb7 50. Bc5 Rxb3 51. Bxh7 Rb2+ 52. Ke3 Rxh2 53. Bf5+ Kc6
54. Be7 Rg2 55. Bxg4 Rxg3+ 56. Bf3 f5 57. a4 Rh3 58. Bd8 Rh8 59. Bf6 Rf8 60.
Bc3 Kc5 61. Bd4+ Kc6 62. Be2 Re8+ 63. Be5 Kc5 64. Bb5 Re7 65. Kd3 Rh7 66. Bd4+
Kb4 67. Bc3+ Kc5 68. Bxa5 Rh3+ 69. Ke2 Kd4 70. Bc7 Ke4 71. a5 Rb3 72. Ba4 Rb2+
73. Kd1 Kd3 74. Kc1 Ra2 75. Bb3 Rg2 76. Be5 d4 77. Bd5 Rc2+ 78. Kb1 Rc5 79. Be6
Rxa5 80. Bxf5+ Ke3 81. Kc2 1/2-1/2

[Event "2. Bundesliga Mitte 2011/12"]
[Site "Fuerstenfeld"]
[Date "2012.04.29"]
[Round "11"]
[Board "5"]
[White "Fahrner, Kurt"]
[Black "Titz, Heimo"]
[Result "1-0"]
[WhiteElo "2319"]
[BlackElo "2202"]
[PlyCount "115"]
[EventDate "2011.10.21"]
[EventType "team"]
[EventRounds "11"]
[EventCountry "AUT"]
[WhiteTeam "ESV Austria Graz"]
[BlackTeam "SC Die Klagenfurter"]

1. e4 c5 2. Nc3 Nc6 3. f4 e6 4. Nf3 d5 5. Bb5 Nge7 6. exd5 exd5 7. Qe2 Bg4 8.
Bxc6+ bxc6 9. b3 Qa5 10. Bb2 O-O-O 11. h3 Bxf3 12. Qxf3 Ng6 13. O-O-O Bd6 14.
g3 Qc7 15. Na4 f6 16. Qc3 h5 17. Nxc5 Bxc5 18. Qxc5 h4 19. f5 Ne5 20. g4 Rhe8
21. Qf2 Rh8 22. Kb1 Nf7 23. Bd4 Rd7 24. Be3 Nd6 25. d3 Nb5 26. Bd2 Qb6 27. Qxb6
axb6 28. Rde1 Kb7 29. Kb2 c5 30. Rhf1 d4 31. Re4 Nc7 32. a4 Rhd8 33. g5 Rh8 34.
g6 Rh5 35. Be1 Nd5 36. Rxh4 Rxh4 37. Bxh4 Ne3 38. Rf4 Rd5 39. Bxf6 gxf6 40. h4
Rxf5 41. g7 Rxf4 42. g8=Q Rf2 43. Qf7+ Kc6 44. Qe6+ Kc7 45. Qe7+ Kc6 46. b4
Rxc2+ 47. Kb1 Rc3 48. Qxf6+ Kd5 49. Qf7+ Ke5 50. Qe7+ Kd5 51. Qe4+ Kd6 52.
bxc5+ Kxc5 53. h5 Nd5 54. h6 Ra3 55. h7 Rxa4 56. Qe8 Nc3+ 57. Kc2 Kb4 58. Qe7+
1-0

[Event "2. Bundesliga Mitte 2011/12"]
[Site "Fuerstenfeld"]
[Date "2012.04.29"]
[Round "11"]
[Board "2"]
[White "Supancic, Darko"]
[Black "Weiss, Christian"]
[Result "1/2-1/2"]
[WhiteElo "2368"]
[BlackElo "2402"]
[PlyCount "72"]
[EventDate "2011.10.21"]
[EventType "team"]
[EventRounds "11"]
[EventCountry "AUT"]
[WhiteTeam "Strassenbahn Graz"]
[BlackTeam "Union Ansfelden"]

1. d4 Nf6 2. Nf3 g6 3. c3 Bg7 4. Bg5 d6 5. Nbd2 h6 6. Bh4 g5 7. Bg3 Nh5 8. e4
e6 9. Ng1 Nxg3 10. hxg3 Nc6 11. Ngf3 a6 12. Bd3 Qe7 13. Qe2 Bd7 14. Nc4 f5 15.
Ne3 fxe4 16. Bxe4 O-O-O 17. O-O-O Qf7 18. Kb1 Rdf8 19. Qc2 Ne7 20. Rhf1 Bf6 21.
Rde1 Qg7 22. Ng4 h5 23. Nxf6 Rxf6 24. Qb3 Nc6 25. Ka1 Rhf8 26. Bxc6 Bxc6 27.
Rxe6 Bxf3 28. gxf3 Rxf3 29. Rfe1 Kb8 30. Re7 Qg8 31. Qxg8 Rxg8 32. Rh7 Rxf2 33.
a4 Rg2 34. Ree7 Rc8 35. Rxh5 Rxg3 36. Rg7 g4 1/2-1/2